[Event "RUS-ch Rapid"]
[Site "Sochi"]
[Date "2023.10.16"]
[Round "10"]
[White "Dzhumagaliev, Yan"]
[Black "Kozionov, Kirill"]
[Result "1/2-1/2"]
[WhiteElo "2411"]
[BlackElo "2444"]
[PlyCount "155"]
[EventDate "2023.10.15"]
[EventType "swiss (rapid)"]
[EventRounds "11"]
[EventCountry "RUS"]
[SourceTitle "Mega2024 Update 01"]
[Source "Chessbase"]
[SourceDate "2023.11.12"]
[SourceVersion "1"]
[SourceVersionDate "2023.11.12"]
[SourceQuality "1"]

1. d4 d5 2. Nf3 Nf6 3. c4 e6 4. g3 h6 5. Bg2 Bd6 6. 0-0 0-0 7. Qc2 b6 8. Nc3 Bb7 9. Rd1 Nbd7 10. cxd5 exd5 11. Nh4 Re8 12. Nf5 Bf8 13. Bf4 a6 14. Qb3 c6 15. Rac1 Re6 16. Bh3 Nh5 17. Bd2 Nhf6 18. Re1 c5 19. a4 Rc8 20. Bf4 c4 21. Qd1 Nh5 22. Bd2 Nhf6 23. Ne3 Re8 24. Bg2 Nb8 25. b3 Qd7 26. Rb1 b5 27. axb5 axb5 28. bxc4 bxc4 29. Qa4 Qxa4 30. Nxa4 Bc6 31. Nb6 Rcd8 32. Ba5 Rd6 33. Nf5 Rde6 34. Ne3 Rd6 35. Nf5 Rde6 36. Ne3 Rd6 37. Bb4 Rdd8 38. Bxf8 Kxf8 39. Nd1 Re6 40. Nc3 Red6 41. Ra1 Nbd7 42. Reb1 Nxb6 43. Rxb6 Be8 44. Rb7 Bc6 45. Rb4 Ke7 46. e3 Ra8 47. Rxa8 Bxa8 48. Ra4 Bc6 49. Ra5 Rd8 50. Ra6 Rc8 51. Kf1 Rc7 52. Ke2 g5 53. h3 Kd7 54. Kd2 Rb7 55. Kc2 Kc7 56. g4 Rb6 57. Ra5 Kd6 58. f3 Ng8 59. f4 Ne7 60. f5 f6 61. e4 dxe4 62. Bxe4 Rb3 63. Ra6 Kd7 64. Ra7+ Kd6 65. Rxe7 Kxe7 66. Bxc6 Kd6 67. Bf3 Rb8 68. Bd5 Re8 69. Be6 Rb8 70. Ne4+ Ke7 71. d5 Rd8 72. d6+ Rxd6 73. Nxd6 Kxd6 74. Bxc4 Ke5 75. Bf7 Kd4 76. Kb3 Ke4 77. Kc4 Ke5 78. Kc5 1/2-1/2

[Event "RUS-ch Blitz"]
[Site "Sochi"]
[Date "2023.10.14"]
[Round "8"]
[White "Galaktionov, Artem"]
[Black "Dzhumagaliev, Yan"]
[Result "1-0"]
[WhiteElo "2315"]
[BlackElo "2411"]
[PlyCount "94"]
[EventDate "2023.10.14"]
[EventType "swiss (blitz)"]
[EventRounds "13"]
[EventCountry "RUS"]
[SourceTitle "Mega2024 Update 01"]
[Source "Chessbase"]
[SourceDate "2023.11.12"]
[SourceVersion "1"]
[SourceVersionDate "2023.11.12"]
[SourceQuality "1"]

1. d4 Nf6 2. c4 e6 3. Nf3 Bb4+ 4. Nbd2 0-0 5. a3 Bxd2+ 6. Qxd2 a5 7. b3 b6 8. e3 Bb7 9. Be2 d6 10. 0-0 Nbd7 11. Bb2 h6 12. b4 Be4 13. Qc3 c6 14. Nd2 Bg6 15. Bf3 d5 16. cxd5 cxd5 17. Rfc1 Qb8 18. Qc7 axb4 19. Qxb8 Rfxb8 20. axb4 Bd3 21. Bd1 b5 22. Nb3 Nb6 23. Nc5 Bg6 24. Rxa8 Rxa8 25. Ra1 Rxa1 26. Bxa1 Nc4 27. Kf1 Ne4 28. Ke2 Ned6 29. Bc3 Kf8 30. Be1 Ke7 31. f3 Bb1 32. g4 g5 33. Bg3 f5 34. h3 Nc8 35. h4 Na7 36. h5 Nc6 37. Na6 Nb2 38. Bb3 Bd3+ 39. Kd2 Bf1 40. Ke1 Bh3 41. gxf5 Bxf5 42. Nc7 Nxb4 43. Nxb5 Kd7 44. Kd2 Kc6 45. Na3 N2d3 46. Nc2 Kb5 47. Bd6 Nxc2 1-0

[Event "Titled Tuesday intern op 18th Jul Early"]
[Site "Chess.com INT"]
[Date "2023.07.18"]
[Round "4"]
[White "Bodnaruk, Anastasia"]
[Black "Dzhumagaliev, Yan"]
[Result "0-1"]
[WhiteElo "2356"]
[BlackElo "2411"]
[PlyCount "94"]
[EventDate "2023.07.18"]
[EventType "swiss (blitz)"]
[EventRounds "11"]
[EventCountry "USA"]
[SourceTitle "EXT 2024"]
[Source "ChessBase"]
[SourceDate "2023.10.10"]
[SourceVersion "1"]
[SourceVersionDate "2023.10.10"]
[SourceQuality "1"]

1. e4 c5 2. Nc3 Nc6 3. Bb5 e6 4. Bxc6 bxc6 5. f4 d5 6. d3 Nf6 7. e5 Nd7 8. Nf3 Ba6 9. 0-0 c4 10. d4 c5 11. Be3 cxd4 12. Nxd4 g6 13. a4 Bg7 14. Ncb5 0-0 15. Nc6 Qh4 16. g3 Qh3 17. Nc7 Bb7 18. Nd4 Rab8 19. Ncb5 a6 20. Nd6 Ba8 21. b3 Nc5 22. Rf2 cxb3 23. cxb3 Ne4 24. Nxe4 dxe4 25. Rc1 Rfd8 26. Rd2 Bf8 27. Nc6 Rxd2 28. Qxd2 Bxc6 29. Rxc6 Rxb3 30. Rc1 Rd3 31. Qe2 Kg7 32. Rb1 h5 33. Rb8 h4 34. Bf2 hxg3 35. hxg3 Rxg3+ 36. Bxg3 Qxg3+ 37. Kf1 Qxf4+ 38. Ke1 Qc1+ 39. Kf2 Bc5+ 40. Kg2 Qg5+ 41. Kh3 Qxe5 42. Qb2 Bd4 43. Qb7 Qh5+ 44. Kg2 Qf3+ 45. Kh2 Qf2+ 46. Kh3 Qf1+ 47. Kh2 Be5# 0-1

[Event "Titled Tuesday intern op 14th Mar Early"]
[Site "Chess.com INT"]
[Date "2023.03.14"]
[Round "10"]
[White "Manukian, Artak"]
[Black "Dzhumagaliev, Yan"]
[Result "0-1"]
[WhiteElo "2196"]
[BlackElo "2411"]
[PlyCount "90"]
[EventDate "2023.03.14"]
[EventType "swiss (blitz)"]
[EventRounds "11"]
[EventCountry "USA"]
[SourceTitle "EXT 2024"]
[Source "ChessBase"]
[SourceDate "2023.10.10"]
[SourceVersion "1"]
[SourceVersionDate "2023.10.10"]
[SourceQuality "1"]

1. e4 h5 2. d4 h4 3. Bd3 c6 4. Nc3 d5 5. exd5 cxd5 6. h3 Nf6 7. Nf3 Nc6 8. Bf4 a6 9. Qe2 g6 10. 0-0-0 Bf5 11. Bxf5 gxf5 12. Ne5 Ne4 13. Nxe4 fxe4 14. f3 Nxe5 15. dxe5 exf3 16. Qxf3 e6 17. Kb1 Qc7 18. Rc1 b5 19. Rhf1 0-0-0 20. Bg5 Rd7 21. Bf6 Rg8 22. Rfe1 Bh6 23. Rcd1 Rg3 24. Qf1 Bg5 25. Bxg5 Rxg5 26. Qe2 Kb7 27. a4 Qc4 28. axb5 axb5 29. Qf2 Rf5 30. Qe3 d4 31. Qe4+ Kb6 32. Qxh4 Rd5 33. g4 Rf3 34. Qe7 d3 35. cxd3 Rfxd3 36. Rc1 Rd1 37. Rexd1 Qe4+ 38. Ka2 Qa4+ 39. Qa3 Qxd1 40. Rxd1 Rxd1 41. Qe7 Rf1 42. h4 Rf4 43. h5 b4 44. h6 Kb5 45. Qd7+ Kc4 0-1

[Event "Titled Tuesday intern op 14th Mar Early"]
[Site "Chess.com INT"]
[Date "2023.03.14"]
[Round "7"]
[White "Sarkar, Justin"]
[Black "Dzhumagaliev, Yan"]
[Result "0-1"]
[WhiteElo "2338"]
[BlackElo "2411"]
[PlyCount "66"]
[EventDate "2023.03.14"]
[EventType "swiss (blitz)"]
[EventRounds "11"]
[EventCountry "USA"]
[SourceTitle "EXT 2024"]
[Source "ChessBase"]
[SourceDate "2023.10.10"]
[SourceVersion "1"]
[SourceVersionDate "2023.10.10"]
[SourceQuality "1"]

1. e4 h5 2. d4 h4 3. Nc3 c6 4. Bc4 d5 5. exd5 b5 6. Bb3 b4 7. Nce2 cxd5 8. a3 bxa3 9. Rxa3 e6 10. Ra1 Nf6 11. Bg5 Qc7 12. Nf3 h3 13. g3 Ne4 14. Bf4 Bd6 15. 0-0 Nd7 16. Nd2 Ndf6 17. Nxe4 Nxe4 18. f3 Nf6 19. Ba4+ Bd7 20. Bxd7+ Nxd7 21. Bxd6 Qxd6 22. Qd2 Qe7 23. b3 Nb6 24. Rfc1 Qf6 25. Qf4 Nd7 26. c4 dxc4 27. bxc4 0-0 28. Qxf6 Nxf6 29. Nf4 Rfd8 30. Rd1 Rdc8 31. c5 a5 32. Nxh3 Nd5 33. Rd3 Nb4 0-1

[Event "RUS-ch Rapid"]
[Site "Sochi"]
[Date "2022.10.16"]
[Round "11"]
[White "Dzhumagaliev, Yan"]
[Black "Gontcharov, Vladislav"]
[Result "0-1"]
[WhiteElo "2411"]
[BlackElo "2421"]
[PlyCount "142"]
[EventDate "2022.10.15"]
[EventType "swiss (rapid)"]
[EventRounds "11"]
[EventCountry "RUS"]
[SourceTitle "CBM 210 Extra"]
[Source "ChessBase"]
[SourceDate "2022.11.30"]
[SourceVersion "1"]
[SourceVersionDate "2022.11.30"]
[SourceQuality "1"]

1. Nf3 Nf6 2. d4 g6 3. g3 Bg7 4. Bg2 c5 5. d5 d6 6. Nc3 0-0 7. 0-0 Bg4 8. h3 Bxf3 9. exf3 Na6 10. f4 Nc7 11. a4 b6 12. Qd3 a6 13. f5 Rb8 14. fxg6 hxg6 15. Bg5 b5 16. axb5 axb5 17. Qd2 b4 18. Ne2 Nh7 19. Rab1 Nxg5 20. Qxg5 e5 21. Qd2 f5 22. c4 Ra8 23. Nc1 Qf6 24. Nb3 Kh7 25. Qe2 Rfe8 26. f3 Qg5 27. Kh2 Bh6 28. Ra1 Qe3 29. Qc2 Bg7 30. Rfe1 Qg5 31. Qf2 Qe7 32. Qc2 Rxa1 33. Nxa1 Ra8 34. Nb3 Ne8 35. Nc1 Ra1 36. Nd3 Rxe1 37. Nxe1 Qa7 38. g4 Qf7 39. gxf5 gxf5 40. h4 Bh6 41. Bh3 Bf4+ 42. Kh1 Ng7 43. Ng2 Qh5 44. Qf2 Bh6 45. b3 Kg6 46. Kh2 Kf6 47. f4 e4 48. Qb2+ Kf7 49. Qf2 Qd1 50. Ne3 Qxb3 51. Bxf5 Qd3 52. Bh7 Nh5 53. Ng2 Qf3 54. Qe1 Bxf4+ 55. Kg1 e3 56. Bd3 Nf6 57. Qa1 Qf2+ 58. Kh1 e2 59. Qa7+ Kf8 60. Qa8+ Ke7 61. Qa7+ Nd7 62. Qa1 Ne5 63. Bxe2 Qxe2 64. Nxf4 Qe4+ 65. Ng2 Qxc4 66. Qd1 b3 67. Qh5 Qc1+ 68. Kh2 b2 69. Qh7+ Kd8 70. Qg8+ Kc7 71. Qg7+ Nd7 0-1

[Event "RUS-ch Rapid"]
[Site "Sochi"]
[Date "2022.10.16"]
[Round "9"]
[White "Dzhumagaliev, Yan"]
[Black "Vlasenko, Miroslav"]
[Result "1/2-1/2"]
[WhiteElo "2411"]
[BlackElo "2412"]
[PlyCount "80"]
[EventDate "2022.10.15"]
[EventType "swiss (rapid)"]
[EventRounds "11"]
[EventCountry "RUS"]
[SourceTitle "CBM 210 Extra"]
[Source "ChessBase"]
[SourceDate "2022.11.30"]
[SourceVersion "1"]
[SourceVersionDate "2022.11.30"]
[SourceQuality "1"]

1. Nf3 f5 2. d4 Nf6 3. c4 g6 4. Nc3 Bg7 5. g3 0-0 6. Bg2 d6 7. 0-0 Qe8 8. d5 a5 9. Nd4 Na6 10. e4 fxe4 11. Nxe4 Nxe4 12. Bxe4 Bh3 13. Bg2 Bxg2 14. Kxg2 Nc5 15. Be3 c6 16. Nf3 b6 17. Bd4 Bxd4 18. Qxd4 Qf7 19. Ng5 Qg7 20. Qxg7+ Kxg7 21. dxc6 Rac8 22. Rfe1 Rxc6 23. Rad1 h6 24. Nh3 Rf7 25. Nf4 g5 26. Nd5 Kf8 27. b3 Nd7 28. Re2 a4 29. Rde1 Ne5 30. f4 gxf4 31. gxf4 Nd3 32. Rf1 Nc5 33. Rf3 axb3 34. axb3 e6 35. Nb4 Rc8 36. Nc2 e5 37. fxe5 dxe5 38. Rxf7+ Kxf7 39. Rxe5 Nxb3 40. Rb5 Rxc4 1/2-1/2

[Event "RUS-ch Rapid"]
[Site "Sochi"]
[Date "2022.10.15"]
[Round "5"]
[White "Dzhumagaliev, Yan"]
[Black "Savchenko, Boris"]
[Result "1/2-1/2"]
[WhiteElo "2411"]
[BlackElo "2550"]
[PlyCount "97"]
[EventDate "2022.10.15"]
[EventType "swiss (rapid)"]
[EventRounds "11"]
[EventCountry "RUS"]
[SourceTitle "CBM 210 Extra"]
[Source "ChessBase"]
[SourceDate "2022.11.30"]
[SourceVersion "1"]
[SourceVersionDate "2022.11.30"]
[SourceQuality "1"]

1. Nf3 e6 2. d4 c5 3. g3 b5 4. Bg2 Bb7 5. 0-0 Nf6 6. b3 cxd4 7. Bb2 Be7 8. Bxd4 0-0 9. Bb2 a6 10. Nbd2 d5 11. c4 dxc4 12. bxc4 b4 13. Qc2 Nbd7 14. Rfd1 Qc7 15. e4 Bc5 16. Nd4 Rac8 17. N2b3 Bxd4 18. Bxd4 e5 19. Be3 a5 20. h3 a4 21. Nd2 Qa5 22. Rab1 Nc5 23. Bxc5 Rxc5 24. Qb2 Rd8 25. Qxb4 Qxb4 26. Rxb4 Bxe4 27. Rc1 Bxg2 28. Kxg2 h5 29. Rc2 h4 30. Rxa4 Rd3 31. Nb3 Rc8 32. c5 hxg3 33. fxg3 Nd5 34. Kh2 f5 35. c6 e4 36. Rd4 Rc3 37. Rxc3 Nxc3 38. Rc4 Nd5 39. Nd4 Kf7 40. Nxf5 Ke6 41. Ne3 Ke5 42. Nxd5 Kxd5 43. Rc1 Kd4 44. Kg2 Ke3 45. c7 Kd2 46. Rc6 e3 47. Rd6+ Ke1 48. Rd7 Rf8 49. Rd8 1/2-1/2

[Event "RUS-ch Blitz"]
[Site "Sochi"]
[Date "2022.10.14"]
[Round "13"]
[White "Dzhumagaliev, Yan"]
[Black "Salemgareev, Tagir"]
[Result "0-1"]
[WhiteElo "2411"]
[BlackElo "2466"]
[PlyCount "81"]
[EventDate "2022.10.14"]
[EventType "swiss (blitz)"]
[EventRounds "13"]
[EventCountry "RUS"]
[SourceTitle "CBM 210 Extra"]
[Source "ChessBase"]
[SourceDate "2022.11.30"]
[SourceVersion "1"]
[SourceVersionDate "2022.11.30"]
[SourceQuality "1"]

1. Nf3 d5 2. d4 Nf6 3. h4 c5 4. c3 Nc6 5. h5 h6 6. Bf4 Qb6 7. Qb3 c4 8. Qc2 Bf5 9. Qc1 e6 10. Nbd2 Be7 11. e3 Qa5 12. Be2 b5 13. b4 Qb6 14. a4 a5 15. axb5 Qxb5 16. Ne5 Nxe5 17. Bxe5 0-0 18. bxa5 Rxa5 19. Rxa5 Qxa5 20. 0-0 Qa2 21. Bxf6 Bxf6 22. Re1 Rb8 23. Bf3 Rb2 24. Nf1 Rxf2 25. Qa1 Qxa1 26. Rxa1 Rc2 27. Ra8+ Kh7 28. Ra7 Rxc3 29. Rxf7 Rc1 30. Kf2 Bd3 31. Nh2 Bh4+ 32. g3 Rc2+ 33. Kg1 Bxg3 34. Ng4 Bh4 35. Rc7 Bg5 36. Kh1 Bf5 37. Ne5 Bxe3 38. Rc8 Bxd4 39. Nf7 g6 40. Rc7 gxh5 41. Ne5+ 0-1

[Event "Titled Tuesday intern op 28th Dec"]
[Site "Chess.com INT"]
[Date "2021.12.28"]
[Round "2"]
[White "Manukyan, Sargis V"]
[Black "Dzhumagaliev, Yan"]
[Result "1-0"]
[WhiteElo "2253"]
[BlackElo "2411"]
[PlyCount "113"]
[EventDate "2021.12.28"]
[EventType "swiss (blitz)"]
[EventRounds "11"]
[EventCountry "USA"]
[SourceTitle "CBM 206 Extra"]
[Source "ChessBase"]
[SourceDate "2022.03.31"]
[SourceVersion "1"]
[SourceVersionDate "2022.03.31"]
[SourceQuality "1"]

1. Nf3 h5 2. c4 h4 3. d4 c6 4. Nc3 d6 5. h3 Qc7 6. Bg5 Qb6 7. Qd2 Nh6 8. Nxh4 e5 9. e3 Ng8 10. Nf3 f6 11. Bh4 Ne7 12. Bd3 Nf5 13. Bg3 Nxg3 14. Bg6+ Ke7 15. fxg3 Be6 16. b3 Nd7 17. 0-0 Rh6 18. Nh4 Kd8 19. Bf5 g5 20. Bxe6 gxh4 21. g4 Be7 22. Rad1 Kc7 23. c5 Nxc5 24. dxc5 Qxc5 25. Ne4 Qa3 26. b4 Rd8 27. Bb3 d5 28. Nc5 Bxc5 29. bxc5 Qxc5 30. Kh1 e4 31. Rf5 a5 32. Rdf1 Rd6 33. Bc2 Qb6 34. Qc3 Qb4 35. Qa1 d4 36. Bxe4 dxe3 37. Bf3 Qd2 38. Re1 Rh7 39. Re2 Qd1+ 40. Qxd1 Rxd1+ 41. Kh2 Re7 42. Rxf6 Rd2 43. g5 b5 44. g6 Kb6 45. Rf7 Re6 46. g7 Rg6 47. Rxe3 Rxa2 48. Re8 a4 49. g8Q Rxg8 50. Rxg8 b4 51. Rg6 b3 52. Rxc6+ Kb5 53. Rf5+ Kb4 54. Rf4+ Ka3 55. Ra6 Kb2 56. Rfxa4 Kc3 57. Rxa2 1-0

[Event "Titled Tuesday intern op 09th Nov"]
[Site "Chess.com INT"]
[Date "2021.11.09"]
[Round "4"]
[White "Dzhumagaliev, Yan"]
[Black "Siva, Mahadevan"]
[Result "1/2-1/2"]
[WhiteElo "2411"]
[BlackElo "2349"]
[PlyCount "92"]
[EventDate "2021.11.09"]
[EventType "swiss (blitz)"]
[EventRounds "11"]
[EventCountry "USA"]
[SourceTitle "CBM 205 Extra"]
[Source "ChessBase"]
[SourceDate "2022.01.31"]
[SourceVersion "1"]
[SourceVersionDate "2022.01.31"]
[SourceQuality "1"]

1. Nf3 Nf6 2. h4 g6 3. d4 d6 4. c4 Bg7 5. Nc3 Bg4 6. Qb3 Qc8 7. Bg5 Nc6 8. d5 Nb8 9. Nd2 Na6 10. e4 Nc5 11. Qc2 a5 12. f3 Bd7 13. Be3 b6 14. Nb3 a4 15. Nd4 e5 16. dxe6 Nxe6 17. Rd1 h5 18. Nd5 Nxd5 19. cxd5 Nxd4 20. Bxd4 Bxd4 21. Rxd4 Ra5 22. Bd3 Qd8 23. Rc4 Rc5 24. b4 axb3 25. axb3 Qf6 26. Kf2 0-0 27. b4 Rxc4 28. Qxc4 Ra8 29. Be2 Ra3 30. Qxc7 Qd4+ 31. Kg3 Ra2 32. Qxd7 Rxe2 33. Kh3 Qf2 34. Rh2 Re3 35. Qd8+ Kg7 36. Qxd6 Rb3 37. Qe5+ Kg8 38. d6 Rd3 39. Qe8+ Kg7 40. Qe5+ Kg8 41. Rh1 Rxf3+ 42. gxf3 Qxf3+ 43. Kh2 Qf2+ 44. Kh3 Qf3+ 45. Kh2 Qf2+ 46. Kh3 Qf3+ 1/2-1/2

[Event "Titled Tuesday intern op 09th Nov"]
[Site "Chess.com INT"]
[Date "2021.11.09"]
[Round "6"]
[White "Harsha, Bharathakoti"]
[Black "Dzhumagaliev, Yan"]
[Result "1-0"]
[WhiteElo "2489"]
[BlackElo "2411"]
[PlyCount "79"]
[EventDate "2021.11.09"]
[EventType "swiss (blitz)"]
[EventRounds "11"]
[EventCountry "USA"]
[SourceTitle "CBM 205 Extra"]
[Source "ChessBase"]
[SourceDate "2022.01.31"]
[SourceVersion "1"]
[SourceVersionDate "2022.01.31"]
[SourceQuality "1"]

1. d4 Nf6 2. Bf4 h5 3. c4 h4 4. h3 c6 5. Nf3 d5 6. e3 Bf5 7. Qb3 Qb6 8. c5 Qxb3 9. axb3 Bxb1 10. Rxb1 a6 11. Bg5 Ne4 12. Bxh4 f6 13. g4 Nd7 14. Bg3 Nxg3 15. fxg3 e5 16. b4 g6 17. h4 Bg7 18. Kf2 f5 19. gxf5 gxf5 20. Rd1 Ke7 21. Bh3 Rhf8 22. dxe5 Nxe5 23. Nd4 Ng4+ 24. Bxg4 fxg4+ 25. Ke2 a5 26. b5 cxb5 27. Nxb5 Bxb2 28. Nc7 Ra7 29. Nxd5+ Ke6 30. Nf4+ Kf5 31. Rhf1 Ke4 32. Rd7 Rf5 33. Rb1 Be5 34. c6 Rf8 35. cxb7 Re8 36. Nd3 Bxg3 37. Rb5 Be5 38. Rxe5+ Rxe5 39. b8Q Rxd7 40. Qxe5# 1-0

[Event "Titled Tuesday intern op 18th May"]
[Site "Chess.com INT"]
[Date "2021.05.18"]
[Round "10"]
[White "Dzhumagaliev, Yan"]
[Black "Zhou, Qiyu"]
[Result "1-0"]
[WhiteElo "2411"]
[BlackElo "2229"]
[PlyCount "57"]
[EventDate "2021.05.18"]
[EventType "swiss (blitz)"]
[EventRounds "11"]
[EventCountry "USA"]
[SourceTitle "CBM 202 Extra"]
[Source "ChessBase"]
[SourceDate "2021.07.31"]
[SourceVersion "1"]
[SourceVersionDate "2021.07.31"]
[SourceQuality "1"]

1. Nf3 Nf6 2. h4 d5 3. h5 h6 4. d4 e6 5. c4 c5 6. Nc3 Nc6 7. e3 Be7 8. g4 cxd4 9. exd4 b6 10. g5 hxg5 11. Nxg5 dxc4 12. Bg2 Bb7 13. Be3 Nd5 14. Nxd5 exd5 15. Qg4 Bb4+ 16. Kf1 Bc8 17. Qf3 f6 18. Qxd5 Qxd5 19. Bxd5 Bd7 20. Ne6 Bxe6 21. Bxc6+ Ke7 22. Bxa8 Rxa8 23. h6 gxh6 24. Rxh6 Bg4 25. a3 Bd6 26. Re1 Kf7 27. d5 Bf3 28. Bd4 Bxd5 29. Rxf6+ 1-0

[Event "EU-ch Online 2300+ Final"]
[Site "Chess.com INT"]
[Date "2020.05.30"]
[Round "8"]
[White "Dzhumagaliev, Yan"]
[Black "Grandelius, Nils"]
[Result "1-0"]
[WhiteElo "2411"]
[BlackElo "2651"]
[PlyCount "73"]
[EventDate "2020.05.30"]
[EventType "swiss"]
[EventRounds "8"]
[EventCountry "NET"]
[SourceTitle "CBM 196 Extra"]
[Source "ChessBase"]
[SourceDate "2020.07.31"]
[SourceVersion "1"]
[SourceVersionDate "2020.07.31"]
[SourceQuality "1"]

1. Nf3 d5 2. h4 Nf6 3. h5 h6 4. d4 Bf5 5. c4 e6 6. Nc3 c6 7. Qb3 Qc8 8. Bf4 Be7 9. Rc1 0-0 10. e3 Nbd7 11. Be2 Nb6 12. Ne5 Nfd7 13. cxd5 exd5 14. a4 Nxe5 15. Bxe5 Qd7 16. a5 Nc8 17. Na4 Nd6 18. Nc5 Qc7 19. 0-0 b6 20. e4 dxe4 21. Na6 Qb7 22. Qg3 Ne8 23. Nc7 f6 24. Ba6 Qxa6 25. Nxa6 fxe5 26. dxe5 c5 27. axb6 axb6 28. Qb3+ Kh8 29. Qxb6 Bg5 30. Qxc5 Rg8 31. Ra1 Rc8 32. Qb6 Rc2 33. Rad1 e3 34. fxe3 Re2 35. Rde1 Bxe3+ 36. Qxe3 Rxe3 37. Rxe3 1-0

[Event "EU-ch Online 2300+ Final"]
[Site "Chess.com INT"]
[Date "2020.05.30"]
[Round "1"]
[White "Dzhumagaliev, Yan"]
[Black "Onischuk, Vladimir"]
[Result "0-1"]
[WhiteElo "2411"]
[BlackElo "2633"]
[PlyCount "88"]
[EventDate "2020.05.30"]
[EventType "swiss"]
[EventRounds "8"]
[EventCountry "NET"]
[SourceTitle "CBM 196 Extra"]
[Source "ChessBase"]
[SourceDate "2020.07.31"]
[SourceVersion "1"]
[SourceVersionDate "2020.07.31"]
[SourceQuality "1"]

1. Nf3 g6 2. h4 Nf6 3. d4 h6 4. c4 d6 5. Nc3 Bg7 6. e4 Bg4 7. Be2 Nc6 8. d5 Bxf3 9. Bxf3 Ne5 10. Be2 h5 11. 0-0 c6 12. Be3 0-0 13. f3 Qa5 14. Rb1 Rfc8 15. b4 Qd8 16. Qb3 cxd5 17. Nxd5 Nxd5 18. cxd5 Rc3 19. Qxc3 Nxf3+ 20. Rxf3 Bxc3 21. Rbf1 Bf6 22. Kh2 Rc8 23. Bg5 Bxg5 24. hxg5 Qf8 25. Bb5 Qg7 26. Bd7 Qe5+ 27. Kh1 Rf8 28. Be6 Qxg5 29. Rxf7 Rxf7 30. Rxf7 Kh8 31. b5 Qh4+ 32. Kg1 Qxe4 33. Kf2 Qa4 34. Kf3 Qxa2 35. g4 Qa3+ 36. Kf4 Qc1+ 37. Kf3 Qc3+ 38. Kf4 Qe5+ 39. Kf3 h4 40. Kg2 Qg3+ 41. Kf1 h3 42. g5 Qxg5 43. Bxh3 Qxd5 44. Rxe7 Qf3+ 0-1

[Event "EU-ch Online 2300+ Final"]
[Site "Chess.com INT"]
[Date "2020.05.30"]
[Round "4"]
[White "Dzhumagaliev, Yan"]
[Black "Potapov, Alexander1111"]
[Result "1/2-1/2"]
[WhiteElo "2411"]
[BlackElo "2424"]
[PlyCount "259"]
[EventDate "2020.05.30"]
[EventType "swiss"]
[EventRounds "8"]
[EventCountry "NET"]
[SourceTitle "CBM 196 Extra"]
[Source "ChessBase"]
[SourceDate "2020.07.31"]
[SourceVersion "1"]
[SourceVersionDate "2020.07.31"]
[SourceQuality "1"]

1. Nf3 f5 2. h4 d6 3. h5 e5 4. d4 e4 5. Ng5 Nc6 6. Bf4 Be7 7. Nh3 Nf6 8. e3 Be6 9. c4 Bf7 10. Be2 Qd7 11. a3 a5 12. Nc3 h6 13. Bg3 0-0 14. Nf4 Rae8 15. Rb1 Ng4 16. b4 axb4 17. axb4 Bg5 18. b5 Na5 19. Qa4 Ra8 20. Qb4 c5 21. bxc6 bxc6 22. Na4 c5 23. dxc5 Nc6 24. Nb6 Nxb4 25. Nxd7 Rfd8 26. Rxb4 Rxd7 27. c6 Rc7 28. 0-0 Rxc6 29. Rfb1 Rac8 30. Nd5 Bxd5 31. cxd5 Rc1+ 32. Bf1 Ne5 33. Bxe5 dxe5 34. g3 Rxb1 35. Rxb1 Kf8 36. Bh3 Rd8 37. Bxf5 Rxd5 38. Bxe4 Rd2 39. Rb7 Bf6 40. Kg2 Ke8 41. Kf3 Kd8 42. Bf5 Ra2 43. Be6 Rd2 44. Bg4 Ke8 45. Kg2 Kd8 46. Kf1 Ke8 47. Ke1 Ra2 48. Bd7+ Kd8 49. Bc6 Rc2 50. Be4 Ra2 51. Bd3 Kc8 52. Rb4 Kc7 53. Rc4+ Kd6 54. Bc2 Rb2 55. Ke2 Kd5 56. Rc8 Kd6 57. Kd3 Rb4 58. f4 exf4 59. gxf4 Kd7 60. Ra8 Ke7 61. e4 Rd4+ 62. Ke3 Rc4 63. Bd3 Rb4 64. e5 Bh4 65. Ra7+ Kf8 66. e6 Bf6 67. Rf7+ Ke8 68. Bg6 Kd8 69. Rd7+ Kc8 70. Kf3 Rb7 71. Rd5 Kc7 72. Kg4 Rb6 73. Kf5 Rd6 74. Rc5+ Kd8 75. Ra5 Rc6 76. Ra8+ Rc8 77. Ra7 Rc7 78. Ra6 Rc5+ 79. Ke4 Ke7 80. f5 Re5+ 81. Kd3 Rd5+ 82. Kc4 Rd4+ 83. Kc5 Rd1 84. Ra7+ Kd8 85. Rf7 Rc1+ 86. Kd5 Rd1+ 87. Ke4 Re1+ 88. Kd3 Rd1+ 89. Kc2 Rd5 90. Kb3 Rd4 91. Ka2 Rd5 92. Ka3 Rd4 93. Rf8+ Ke7 94. Re8+ Kd6 95. Kb3 Re4 96. Kc2 Bg5 97. Kd3 Re1 98. Rf8 Bf6 99. Rf7 Re5 100. Kc4 Rc5+ 101. Kb4 Re5 102. Rd7+ Kc6 103. Rd1 Kc7 104. Kc4 Re4+ 105. Kd5 Re5+ 106. Kc4 Re4+ 107. Kb5 Rd4 108. Rc1+ Kd8 109. Kc6 Rd2 110. Rc5 Rd3 111. Ra5 Rc3+ 112. Kd5 Rd3+ 113. Ke4 Rd4+ 114. Ke3 Rd1 115. Ra8+ Ke7 116. Re8+ Kd6 117. Bh7 Rd5 118. Kf3 Kc7 119. Rf8 Re5 120. Rf7+ Kd6 121. Bg6 Kc6 122. Kf4 Re1 123. Rd7 Rf1+ 124. Ke3 Re1+ 125. Kd2 Re4 126. Kd3 Re1 127. Kc2 Re5 128. Kb3 Rb5+ 129. Ka4 Re5 130. Rd1 1/2-1/2

[Event "EU-ch Online 2300+ Qual"]
[Site "Chess.com INT"]
[Date "2020.05.29"]
[Round "2"]
[White "Glek, Igor Vladimirovich"]
[Black "Dzhumagaliev, Yan"]
[Result "1-0"]
[WhiteElo "2475"]
[BlackElo "2411"]
[PlyCount "85"]
[EventDate "2020.05.29"]
[EventType "swiss"]
[EventRounds "8"]
[EventCountry "NET"]
[SourceTitle "CBM 196 Extra"]
[Source "ChessBase"]
[SourceDate "2020.07.31"]
[SourceVersion "1"]
[SourceVersionDate "2020.07.31"]
[SourceQuality "1"]

1. e4 c5 2. Nf3 Nc6 3. Bb5 e6 4. 0-0 Nge7 5. Re1 a6 6. Bxc6 bxc6 7. b3 Ng6 8. d4 cxd4 9. Qxd4 d6 10. c4 Be7 11. Bb2 Bf6 12. Qd2 Bxb2 13. Qxb2 0-0 14. Nc3 Qc7 15. Rad1 Bb7 16. c5 d5 17. e5 a5 18. Ne2 Qe7 19. Qc1 f5 20. Ned4 h6 21. a3 Qd7 22. Qd2 Rfb8 23. Rb1 Bc8 24. b4 axb4 25. Rxb4 Rxb4 26. axb4 Ne7 27. h4 Qa7 28. Nb3 Rb8 29. Ra1 Qb7 30. Ra4 Qb5 31. Qa2 Qc4 32. Ra7 Bb7 33. Nbd4 Qxb4 34. Nxe6 Kf7 35. Nfd4 Qe1+ 36. Kh2 Qxe5+ 37. f4 Qe1 38. g3 Qe3 39. Qb2 Ba6 40. Rxe7+ Kf6 41. Nb5+ Kxe7 42. Qxg7+ Kxe6 43. Nc7# 1-0

[Event "Wch Blitz"]
[Site "St Petersburg"]
[Date "2018.12.30"]
[Round "18"]
[White "Dzhumagaliev, Yan"]
[Black "Gabrielian, Artur"]
[Result "1-0"]
[WhiteElo "2410"]
[BlackElo "2499"]
[PlyCount "69"]
[EventDate "2018.12.29"]
[EventType "swiss (blitz)"]
[EventRounds "21"]
[EventCountry "RUS"]
[SourceTitle "CBM 187 Extra"]
[Source "ChessBase"]
[SourceDate "2018.11.04"]
[SourceVersion "1"]
[SourceVersionDate "2018.11.04"]
[SourceQuality "1"]

1. Nf3 c5 2. b3 Nc6 3. Bb2 Nf6 4. Rg1 d6 5. h3 e5 6. d3 Be7 7. g4 0-0 8. g5 Nd5 9. e3 Be6 10. h4 Re8 11. h5 Bf8 12. Nbd2 b5 13. c4 bxc4 14. dxc4 Nb6 15. Bd3 d5 16. cxd5 Bxd5 17. Qb1 g6 18. hxg6 fxg6 19. Ne4 Bxe4 20. Bxe4 Qc7 21. Qc2 Rad8 22. a3 c4 23. bxc4 Na5 24. c5 Qxc5 25. Qxc5 Bxc5 26. Nxe5 Nac4 27. Nxc4 Nxc4 28. Bf6 Rd2 29. Bc6 Re6 30. Bb5 Rc2 31. Kd1 Nxa3 32. Rxa3 Rxf2 33. Rd3 Kf8 34. Rd8+ Re8 35. Rxe8+ 1-0